000 00297nam a2200133Ia 4500
100 _aBolz/ Roger W
942 _cRB
654 _aProduction Processes
245 _aProduction Processes
260 _bIndustrial Press
_aNew York
_c1981
082 _a670
_bBol
546 _aENGLISH
999 _c19755
_d19755